000 00653nam a2200217 a 4500
001 23622
003 CO-ViMGA
008 141112s2004 ck r 000 u spa d
020 _a9786071503145
040 _aCO-ViMGA
_bspa
_cCO-ViMGA
082 0 4 _a005.3 P737i
100 1 _aPeressman, Rogers
_934119
245 1 0 _aIngenieria del software :
_bUn enfoque practico /
_cRogers Peressman
250 _a7ed.
260 _aMéxico :
_bMc Graw Hill
300 _a777p.
650 1 4 _aINGENIERIA DE SOTFWARE
_934120
650 1 4 _aPROGRAMACION ( COMPUTADORES ELECTRONICOS DIGITALES)
_933379
650 1 4 _aPROGRAMAS PARA COMPUTADORES
_930476
942 _2ddc
_cBK
999 _c31737
_d31737